[Event "LEM Nachwuchs M-V u18 08.-12.02.2020"]
[Site "Aula Fleesenseeschule Malch"]
[Date "2020.02.11"]
[Round "6.6"]
[White "Müller, Sophie Charlotte"]
[Black "Eulitz, Charlotte"]
[Result "0-1"]
[WhiteElo "1224"]
[BlackElo "1566"]
[PlyCount "106"]
[EventDate "2020.??.??"]
[WhiteTeam "SG Neubrandenburg"]
[BlackTeam "SG Güstrow"]

1. e4 e5 2. f4 d5 3. exd5 exf4 4. Nf3 Nf6 5. d4 Nxd5 6. c4 Bb4+ 7. Nbd2 Qe7+ 8.
Qe2 Ne3 9. Kf2 O-O 10. a3 Bxd2 11. Qxd2 Ng4+ 12. Kg1 Ne3 13. Bd3 Nc6 14. h3 Qf6
15. b4 Bf5 16. Bb2 Ne7 17. Kf2 Qg6 18. Nh4 Qg3+ 19. Kg1 Qxh4 20. Bf1 Qg3 21.
Qf2 Qg5 22. h4 Qg4 23. Be2 Qg3 24. Qxg3 fxg3 25. Bf3 Nxc4 26. Bc3 c6 27. Be2
Ne3 28. Bf3 N7d5 29. Bxd5 Nxd5 30. Be1 Nf4 31. Bxg3 Ne2+ 32. Kh2 Nxd4 33. Rhd1
Nc2 34. Ra2 Rad8 35. Rf1 Ne3 36. Re1 Nc4 37. Rc1 Be6 38. Raa1 Rd3 39. a4 Rfd8
40. a5 h6 41. Bf2 a6 42. Re1 Rd2 43. Bg3 Rb2 44. Reb1 Rdd2 45. Rxb2 Rxb2 46.
Be1 Bd5 47. Rc1 Rxg2+ 48. Kh3 Rg1 49. Bd2 Rxc1 50. Bxc1 h5 51. Kg3 g6 52. Kf4
Kf8 53. Kg5 Ke7 0-1

[Event "LEM Nachwuchs M-V u18 08.-12.02.2020"]
[Site "Aula Fleesenseeschule Malch"]
[Date "2020.02.11"]
[Round "6.7"]
[White "Wiese, Erik"]
[Black "Meiske, Moritz"]
[Result "1-0"]
[WhiteElo "1523"]
[BlackElo "1273"]
[PlyCount "105"]
[EventDate "2020.??.??"]
[WhiteTeam "Think Rochade"]
[BlackTeam "TSG Neustrelitz"]

1. c4 c5 2. Nc3 Nc6 3. g3 g6 4. Bg2 Bg7 5. e3 d6 6. Nge2 e5 7. O-O Nge7 8. f4
Bg4 9. h3 Be6 10. d3 Qd7 11. Kh2 Nf5 12. e4 Nfd4 13. Nxd4 Nxd4 14. Ne2 Nxe2 15.
Qxe2 f5 16. Rb1 O-O 17. Bd2 Rf7 18. b4 Rb8 19. Be3 Qc8 20. a4 b6 21. Rb3 fxe4
22. dxe4 cxb4 23. Rxb4 a5 24. Rxb6 Rxb6 25. Bxb6 Bxc4 26. Qc2 Qa6 27. Rd1 Qxb6
28. Qxc4 Bf8 29. fxe5 dxe5 30. Rd7 Qf6 31. Qd5 Bb4 32. Rc7 Kg7 33. Rc6 Qg5 34.
Re6 Re7 35. h4 Qh5 36. Rxe7+ Bxe7 37. Qxa5 Kh6 38. Kg1 Qd1+ 39. Kh2 Qh5 40. Qe1
g5 41. Qe3 Kg6 42. Bf3 g4 43. Be2 Bxh4 44. gxh4 Qxh4+ 45. Kg2 h5 46. Qg3 Qf6
47. Qf2 Qf4 48. Qxf4 exf4 49. a5 Kg5 50. a6 h4 51. a7 h3+ 52. Kh2 Kh4 53. Bxg4
1-0

[Event "LEM Nachwuchs M-V u18 08.-12.02.2020"]
[Site "Aula Fleesenseeschule Malch"]
[Date "2020.02.11"]
[Round "6.8"]
[White "Camen, Lisette"]
[Black "Puls, Luisa"]
[Result "1-0"]
[WhiteElo "1366"]
[BlackElo "1551"]
[PlyCount "39"]
[EventDate "2020.??.??"]
[WhiteTeam "Lok Pritzwalk"]
[BlackTeam "VT Ludwigslust"]

1. c4 c5 2. Nc3 g6 3. g3 Bg7 4. Bg2 Nc6 5. Nf3 e6 6. d3 Nge7 7. e4 O-O 8. O-O
d5 9. cxd5 exd5 10. Bf4 Bg4 11. h3 Bxf3 12. Bxf3 d4 13. Nb5 Be5 14. Bxe5 Nxe5
15. Na3 N7c6 16. Be2 a6 17. Nc4 b5 18. Nxe5 Nxe5 19. b3 Rc8 20. Rc1 1-0

[Event "LEM Nachwuchs M-V u18 08.-12.02.2020"]
[Site "Aula Fleesenseeschule Malch"]
[Date "2020.02.11"]
[Round "6.9"]
[White "Warda, Michelangelo"]
[Black "Trömer, Axel"]
[Result "1/2-1/2"]
[WhiteElo "1183"]
[BlackElo "1373"]
[PlyCount "86"]
[EventDate "2020.??.??"]
[WhiteTeam "ESV Wittenberge"]
[BlackTeam "SAV Torgelow"]

1. d4 Nf6 2. Nf3 g6 3. c3 Bg7 4. h3 O-O 5. Bg5 d6 6. e3 Nbd7 7. Bd3 c5 8. O-O
a6 9. a4 Rb8 10. Nbd2 Nb6 11. Qc2 Be6 12. b3 Qd7 13. c4 cxd4 14. Nxd4 Rfc8 15.
Nxe6 Qxe6 16. Bf4 Nh5 17. Rfe1 Nxf4 18. exf4 Qf6 19. g3 d5 20. Qa2 dxc4 21.
bxc4 Qc3 22. Re3 Rd8 23. Ne4 Qb4 24. a5 Qa4 25. Qxa4 Nxa4 26. Rb1 Nc3 27. Nxc3
Bxc3 28. Be4 Bxa5 29. Rxb7 Rdc8 30. Rxb8 Rxb8 31. Ra3 Bb4 32. Rxa6 Rc8 33. Rc6
Rxc6 34. Bxc6 f6 35. Kf1 Kf7 36. Ke2 Ke6 37. g4 h6 38. f3 g5 39. fxg5 hxg5 40.
Ke3 Bc5+ 41. Ke4 Bf2 42. Bd5+ Kd6 43. f4 gxf4 1/2-1/2

[Event "LEM Nachwuchs M-V u18 08.-12.02.2020"]
[Site "Aula Fleesenseeschule Malch"]
[Date "2020.02.12"]
[Round "7.1"]
[White "Lange, Jannis"]
[Black "Wurst, Benedikt"]
[Result "1-0"]
[WhiteElo "2054"]
[BlackElo "1636"]
[PlyCount "138"]
[EventDate "2020.??.??"]
[WhiteTeam "Greifswalder SV"]
[BlackTeam "SSC Rostock"]

1. e4 e5 2. Nf3 Nc6 3. d4 exd4 4. Bc4 Bc5 5. O-O Nge7 6. Ng5 Ne5 7. Nxf7 Nxf7
8. Bxf7+ Kxf7 9. Qh5+ Kg8 10. Qxc5 Nc6 11. Qd5+ Kf8 12. Qf5+ Qf6 13. Qxf6+ gxf6
14. Bf4 Ne5 15. Bxe5 fxe5 16. f4 exf4 17. Rxf4+ Ke7 18. Nd2 b6 19. Raf1 Ba6 20.
Rf7+ Ke8 21. R1f2 c5 22. Rg7 Bb5 23. Rff7 h5 24. Rh7 Rxh7 25. Rxh7 Rd8 26. Rxh5
Ke7 27. Rh7+ Ke6 28. Nf3 Rf8 29. Rh6+ Ke7 30. Kf2 d3 31. cxd3 Bxd3 32. Ke3 Bb1
33. a3 Rb8 34. Ne5 Ba2 35. Nd3 a5 36. h4 Be6 37. Nf4 b5 38. Nxe6 dxe6 39. g4 a4
40. e5 Kd7 41. Ke4 b4 42. Rh7+ Kc6 43. Re7 bxa3 44. Rxe6+ Kd7 45. Rd6+ Ke7 46.
bxa3 Rb3 47. Rd3 c4 48. Rd4 Rxa3 49. Rxc4 Ra1 50. Kf5 Rf1+ 51. Kg6 a3 52. Ra4
Rf3 53. Ra6 Re3 54. g5 Kf8 55. h5 Rxe5 56. Kf6 Re3 57. Ra8+ Re8 58. Rxa3 Rb8
59. Ra6 Kg8 60. Kg6 Rf8 61. Ra7 Rb8 62. Rg7+ Kh8 63. Rf7 Rb6+ 64. Rf6 Rb8 65.
Re6 Rf8 66. Re7 Rb8 67. Kf7 Rf8+ 68. Ke6 Ra8 69. g6 Ra6+ 1-0

[Event "LEM Nachwuchs M-V u18 08.-12.02.2020"]
[Site "Aula Fleesenseeschule Malch"]
[Date "2020.02.12"]
[Round "7.2"]
[White "Petrow, Jonas"]
[Black "Trampnau, Jan-Niklas"]
[Result "1/2-1/2"]
[WhiteElo "1811"]
[BlackElo "1590"]
[PlyCount "54"]
[EventDate "2020.??.??"]
[WhiteTeam "TuS Makkabi Rostock"]
[BlackTeam "ESV Wittenberge"]

1. d4 d5 2. c4 c6 3. Nf3 Nf6 4. Nc3 e6 5. cxd5 exd5 6. Bg5 Be7 7. e3 Bg4 8. Qc2
Nbd7 9. Be2 O-O 10. O-O Re8 11. Rab1 a5 12. a3 g6 13. Bd3 Bxf3 14. gxf3 Nf8 15.
Bh4 Nh5 16. Bg3 Nxg3 17. hxg3 Ne6 18. Kg2 Kg7 19. g4 Qd7 20. Rh1 b5 21. a4 b4
22. Ne2 Rec8 23. f4 c5 24. Bb5 Qb7 25. f5 Nf8 26. fxg6 hxg6 27. Qd2 Ne6 1/2-1/2

[Event "LEM Nachwuchs M-V u18 08.-12.02.2020"]
[Site "Aula Fleesenseeschule Malch"]
[Date "2020.02.12"]
[Round "7.3"]
[White "Pfennigschmidt, Lennart"]
[Black "Gazizov, Max"]
[Result "1-0"]
[WhiteElo "1334"]
[BlackElo "1689"]
[PlyCount "65"]
[EventDate "2020.??.??"]
[WhiteTeam "SF Schwerin"]
[BlackTeam "Think Rochade"]

1. e4 c5 2. Nc3 e6 3. f4 d5 4. exd5 exd5 5. d4 Nc6 6. Bb5 Nf6 7. Be3 Qe7 8. Qd3
c4 9. Qe2 a6 10. Bxc6+ bxc6 11. O-O-O Ng4 12. Re1 Nxe3 13. Qxe3 Qxe3+ 14. Rxe3+
Kd8 15. Nf3 f6 16. Rhe1 Bd6 17. g3 h6 18. Nh4 Ra7 19. f5 c5 20. Nf3 Bxf5 21.
Nxd5 Bg4 22. Nd2 cxd4 23. Re4 c3 24. Nc4 cxb2+ 25. Kxb2 f5 26. Rxd4 Bc5 27. Rd3
Rd7 28. Ne5 Rb7+ 29. Kc1 Bd6 30. Nf4 Rb6 31. Nf7+ Kc7 32. Nd5+ Kc6 33. Nxb6 1-0

[Event "LEM Nachwuchs M-V u18 08.-12.02.2020"]
[Site "Aula Fleesenseeschule Malch"]
[Date "2020.02.12"]
[Round "7.4"]
[White "Eulitz, Charlotte"]
[Black "Witek, Jarne"]
[Result "1/2-1/2"]
[WhiteElo "1566"]
[BlackElo "1399"]
[PlyCount "35"]
[EventDate "2020.??.??"]
[WhiteTeam "SG Güstrow"]
[BlackTeam "SSC Rostock"]

1. e4 c5 2. Nf3 d6 3. d4 cxd4 4. Nxd4 Nf6 5. Nc3 a6 6. Be2 e5 7. Nb3 Be6 8. Be3
Be7 9. O-O O-O 10. f3 Nc6 11. Qd2 d5 12. exd5 Nxd5 13. Nxd5 Qxd5 14. Rfd1 Rfd8
15. Qc3 Nd4 16. Nxd4 exd4 17. Rxd4 Qh5 18. Rxd8+ 1/2-1/2

[Event "LEM Nachwuchs M-V u18 08.-12.02.2020"]
[Site "Aula Fleesenseeschule Malch"]
[Date "2020.02.12"]
[Round "7.5"]
[White "Wiese, Erik"]
[Black "Thote, Christian"]
[Result "1-0"]
[WhiteElo "1523"]
[BlackElo "1581"]
[PlyCount "71"]
[EventDate "2020.??.??"]
[WhiteTeam "Think Rochade"]
[BlackTeam "SF Schwerin"]

1. c4 Nf6 2. Nc3 e6 3. d4 b6 4. Nf3 Bb7 5. e3 Be7 6. Be2 O-O 7. O-O d6 8. Qc2
Nbd7 9. Rd1 c5 10. e4 Qc8 11. d5 a6 12. a4 Rd8 13. Rb1 Ne5 14. Na2 exd5 15.
cxd5 Nxf3+ 16. Bxf3 b5 17. Nc3 b4 18. Ne2 Nd7 19. b3 Ne5 20. Ng3 Nxf3+ 21. gxf3
Bf6 22. Bb2 Bxb2 23. Qxb2 Qd7 24. Kh1 g6 25. Rg1 Qe7 26. Nf5 Qe5 27. Qxe5 dxe5
28. Rbc1 Kf8 29. Ne3 Rac8 30. Nc4 f6 31. Rc2 Rc7 32. Rgc1 Rcd7 33. Na5 f5 34.
Rxc5 Re8 35. Rc7 Bc8 36. Rxd7 1-0

[Event "LEM Nachwuchs M-V u18 08.-12.02.2020"]
[Site "Aula Fleesenseeschule Malch"]
[Date "2020.02.12"]
[Round "7.6"]
[White "Trams, Emma Joe"]
[Black "Schwenck, Fabian"]
[Result "1/2-1/2"]
[WhiteElo "1466"]
[BlackElo "974"]
[PlyCount "46"]
[EventDate "2020.??.??"]
[WhiteTeam "SG Jasmund"]
[BlackTeam "SG Güstrow"]

1. e4 c5 2. Nf3 d6 3. Bb5+ Bd7 4. Bxd7+ Nxd7 5. O-O Ngf6 6. Re1 g6 7. d3 Bg7 8.
c3 O-O 9. Be3 Qc7 10. Qd2 Rac8 11. Bh6 Rfd8 12. Bxg7 Kxg7 13. c4 e6 14. Nc3 Qc6
15. b3 d5 16. Qe2 dxe4 17. dxe4 Qc7 18. Nb5 Qb8 19. e5 Ne8 20. Ng5 h6 21. Nf3
a6 22. Nc3 Kh7 23. Rad1 Nb6 1/2-1/2

[Event "LEM Nachwuchs M-V u18 08.-12.02.2020"]
[Site "Aula Fleesenseeschule Malch"]
[Date "2020.02.12"]
[Round "7.7"]
[White "Tratzki, Mark Ulrich"]
[Black "Müller, Sophie Charlotte"]
[Result "1/2-1/2"]
[WhiteElo "1207"]
[BlackElo "1224"]
[PlyCount "41"]
[EventDate "2020.??.??"]
[WhiteTeam "Lok Pritzwalk"]
[BlackTeam "SG Neubrandenburg"]

1. d4 d6 2. c4 g6 3. Nc3 Bg7 4. Nf3 Nf6 5. Bf4 Nbd7 6. Qd2 O-O 7. Bh6 Re8 8.
Bxg7 Kxg7 9. g3 c5 10. e3 Rb8 11. Bg2 a6 12. a4 Nb6 13. b3 Qc7 14. O-O e5 15.
Ng5 Bf5 16. a5 Nc8 17. Nge4 Nxe4 18. Bxe4 Ne7 19. Bg2 Kg8 20. d5 Qd7 21. e4
1/2-1/2

[Event "LEM Nachwuchs M-V u18 08.-12.02.2020"]
[Site "Aula Fleesenseeschule Malch"]
[Date "2020.02.12"]
[Round "7.8"]
[White "Trömer, Axel"]
[Black "Camen, Lisette"]
[Result "1-0"]
[WhiteElo "1373"]
[BlackElo "1366"]
[PlyCount "75"]
[EventDate "2020.??.??"]
[WhiteTeam "SAV Torgelow"]
[BlackTeam "Lok Pritzwalk"]

1. e4 c5 2. c3 Nc6 3. d4 cxd4 4. cxd4 e6 5. Nf3 Nf6 6. Nc3 Bb4 7. Bd3 Qa5 8.
Bd2 O-O 9. a3 Bxc3 10. Bxc3 Qb6 11. O-O d5 12. Qc2 dxe4 13. Bxe4 Nxe4 14. Qxe4
h6 15. Rfd1 Qb3 16. d5 exd5 17. Rxd5 Be6 18. Rd3 Qb5 19. Nd4 Qd5 20. Qxd5 Bxd5
21. Nf5 Be4 22. Rg3 Bxf5 23. Rxg7+ Kh8 24. Rg5+ Kh7 25. Rxf5 Kg6 26. Rf6+ Kg5
27. g3 Rad8 28. Kg2 Nd4 29. h4+ Kh5 30. Kh3 Rg8 31. f3 Rxg3+ 32. Kxg3 Ne2+ 33.
Kh3 Nxc3 34. bxc3 Rd3 35. Rg1 Rd5 36. Rxf7 b5 37. Rf6 b4 38. Rgg6 1-0

[Event "LEM Nachwuchs M-V u18 08.-12.02.2020"]
[Site "Aula Fleesenseeschule Malch"]
[Date "2020.02.12"]
[Round "7.9"]
[White "Warda, Michelangelo"]
[Black "Meiske, Moritz"]
[Result "1/2-1/2"]
[WhiteElo "1183"]
[BlackElo "1273"]
[PlyCount "82"]
[EventDate "2020.??.??"]
[WhiteTeam "ESV Wittenberge"]
[BlackTeam "TSG Neustrelitz"]

1. d4 d5 2. Bf4 Nf6 3. c3 Nc6 4. e3 a6 5. Bd3 e6 6. Nf3 Bd6 7. Bxd6 Qxd6 8.
Nbd2 e5 9. dxe5 Nxe5 10. Nxe5 Qxe5 11. Nf3 Qd6 12. h3 O-O 13. O-O Ne4 14. Bxe4
dxe4 15. Qxd6 cxd6 16. Nd4 f5 17. Rad1 Rf6 18. Ne2 g5 19. f3 exf3 20. Rxf3 Bd7
21. g4 Raf8 22. gxf5 Be8 23. Rg3 h6 24. Nd4 Bf7 25. h4 Bh5 26. Rd2 g4 27. Ne6
Re8 28. Nf4 Rxf5 29. Nxh5 Rxh5 30. Rxg4+ Kh8 31. Rxd6 Rxe3 32. Rd8+ Kh7 33.
Rd7+ Kh8 34. Rxb7 a5 35. Rd4 Re8 36. a4 Rhe5 37. Kf2 Rf5+ 38. Kg3 h5 39. Kh3
Rg8 40. Rd3 Rf1 41. Kh2 Rf2+ 1/2-1/2

[Event "LEM Nachwuchs M-V u16 08.-12.02.2020"]
[Site "Atrium Fleesenseeschule Malch"]
[Date "2020.02.08"]
[Round "1.1"]
[White "Böttner, Oliver"]
[Black "Fromm, Marius"]
[Result "0-1"]
[WhiteElo "1574"]
[BlackElo "2196"]
[PlyCount "72"]
[EventDate "2020.??.??"]
[WhiteTeam "HSG Stralsund"]
[BlackTeam "Greifswalder SV"]

1. e4 e5 2. Nf3 Nc6 3. Bb5 a6 4. Ba4 Nf6 5. O-O Be7 6. d3 b5 7. Bb3 d6 8. Be3
Na5 9. Nbd2 O-O 10. Rc1 Nxb3 11. Nxb3 c5 12. c3 Qc7 13. Re1 Bb7 14. Bg5 Rfe8
15. Qe2 h6 16. Bxf6 Bxf6 17. Nbd2 g6 18. Qe3 Bg7 19. b4 Rac8 20. Nb3 Qe7 21.
Nfd2 Kh7 22. f3 h5 23. Na5 Ba8 24. Nab3 Bh6 25. Qf2 Rc7 26. d4 exd4 27. cxd4 c4
28. e5 Rcc8 29. exd6 Qxd6 30. Nc5 Bg7 31. Nde4 Bxe4 32. Nxe4 Qxb4 33. Rb1 Qe7
34. Re2 Qd7 35. Rd1 c3 36. Rc2 b4 0-1

[Event "LEM Nachwuchs M-V u16 08.-12.02.2020"]
[Site "Atrium Fleesenseeschule Malch"]
[Date "2020.02.08"]
[Round "1.2"]
[White "Troyke, Jannis"]
[Black "Le, Tomab Linh"]
[Result "1-0"]
[WhiteElo "1827"]
[BlackElo "1571"]
[PlyCount "87"]
[EventDate "2020.??.??"]
[WhiteTeam "Greifswalder SV"]
[BlackTeam "SG Neubrandenburg"]

1. e4 d6 2. d4 Nf6 3. Nc3 g6 4. f4 Bg7 5. Nf3 O-O 6. Be3 Nbd7 7. e5 Ng4 8. Bg1
c5 9. dxc5 Nxc5 10. Qd2 b6 11. O-O-O Nb7 12. h3 Nh6 13. g4 dxe5 14. Qe1 Qc7 15.
Nd5 Qb8 16. Nxe7+ Kh8 17. Nxc8 Qxc8 18. Nxe5 f6 19. Nd3 Re8 20. Qd2 Rd8 21. Bg2
Rb8 22. Bxb7 Rxb7 23. Be3 Rbd7 24. Kb1 f5 25. g5 Nf7 26. h4 h5 27. gxh6 Bxh6
28. h5 Rd6 29. hxg6 Rxg6 30. Qf2 Qc6 31. Rh2 Kg7 32. Rdh1 Qd5 33. Bc1 Rg4 34.
Re1 Qb7 35. Ne5 Nxe5 36. fxe5 Bxc1 37. Qxf5 Rg6 38. Kxc1 Qe7 39. Reh1 Qg5+ 40.
Qxg5 Rxg5 41. Rh7+ Kg6 42. Rxa7 Rxe5 43. Rd1 Rde8 44. Rd6+ 1-0

[Event "LEM Nachwuchs M-V u16 08.-12.02.2020"]
[Site "Atrium Fleesenseeschule Malch"]
[Date "2020.02.08"]
[Round "1.3"]
[White "Jenschke, Tim"]
[Black "Kallweit, Paul"]
[Result "0-1"]
[WhiteElo "1531"]
[BlackElo "1832"]
[PlyCount "90"]
[EventDate "2020.??.??"]
[WhiteTeam "HSG Stralsund"]
[BlackTeam "Greifswalder SV"]

1. Nf3 d5 2. d4 Nf6 3. g3 Bg4 4. Nbd2 e6 5. a3 Bd6 6. Bg2 Nbd7 7. c4 c6 8. O-O
O-O 9. b4 b5 10. c5 Bc7 11. Bb2 Re8 12. Re1 e5 13. Nxe5 Nxe5 14. dxe5 Bxe5 15.
Bxe5 Rxe5 16. f3 Bf5 17. Nb3 Bd7 18. Nd4 a5 19. Qd2 a4 20. Rad1 Qc7 21. Qf4
Rae8 22. Kf2 h6 23. Qd2 Qc8 24. Qd3 R8e7 25. Rh1 Qe8 26. Rhe1 Re3 27. Qd2 Rxa3
28. Nc2 Rb3 29. Rb1 Rxb1 30. Rxb1 Bf5 31. Rb2 Bxc2 32. Rxc2 Nd7 33. Bh3 Ne5 34.
Qd4 Nc4 35. Ra2 g6 36. Qg4 Ne3 37. Qc8 Nd1+ 38. Kf1 Qxc8 39. Bxc8 Nc3 40. Rd2
Nxe2 41. Bg4 Nc3 42. f4 f5 43. Bf3 Kf7 44. Kf2 Ne4+ 45. Bxe4 Rxe4 0-1

[Event "LEM Nachwuchs M-V u16 08.-12.02.2020"]
[Site "Atrium Fleesenseeschule Malch"]
[Date "2020.02.08"]
[Round "1.4"]
[White "Großmann, Piet"]
[Black "Tennigkeit, Paul"]
[Result "1-0"]
[WhiteElo "1818"]
[BlackElo "1511"]
[PlyCount "89"]
[EventDate "2020.??.??"]
[WhiteTeam "SAV Torgelow"]
[BlackTeam "Lok Pritzwalk"]

1. e4 e5 2. Nf3 Nc6 3. d4 exd4 4. Nxd4 Nf6 5. Nc3 Bb4 6. Nxc6 bxc6 7. Bd3 d5 8.
exd5 cxd5 9. O-O O-O 10. h3 h6 11. Qf3 Be6 12. Bf4 Bd6 13. Ne2 c5 14. c3 c4 15.
Bc2 Qc7 16. Bxd6 Qxd6 17. Nd4 Rfe8 18. Rfe1 Bd7 19. b4 Re5 20. Rxe5 Qxe5 21. a4
Re8 22. b5 Qg5 23. Rd1 Qh5 24. Qxh5 Nxh5 25. Kf1 Nf6 26. a5 Rb8 27. Rb1 Kf8 28.
Ke2 Ne8 29. Bf5 Bxf5 30. Nxf5 Nf6 31. Ke3 Ne4 32. Kd4 h5 33. Ne3 Nd2 34. Rb4
Nb3+ 35. Kxd5 Rd8+ 36. Ke5 f6+ 37. Kf4 Rd3 38. b6 axb6 39. axb6 Nc5 40. b7 Ne6+
41. Kf5 Kf7 42. b8=Q g6+ 43. Ke4 Ng5+ 44. Kf4 Ne6+ 45. Kg3 1-0

[Event "LEM Nachwuchs M-V u16 08.-12.02.2020"]
[Site "Atrium Fleesenseeschule Malch"]
[Date "2020.02.08"]
[Round "1.5"]
[White "Quiram, Arne"]
[Black "Breß, Aaron"]
[Result "0-1"]
[WhiteElo "1643"]
[BlackElo "1793"]
[PlyCount "106"]
[EventDate "2020.??.??"]
[WhiteTeam "ESV Waren"]
[BlackTeam "SAV Torgelow"]

1. e4 c5 2. Nf3 e6 3. Nc3 a6 4. d4 cxd4 5. Nxd4 Qc7 6. Be3 Nf6 7. a3 b5 8. Bd3
Bb7 9. f3 d6 10. Qd2 Be7 11. O-O O-O 12. Qf2 Nbd7 13. Rac1 Ne5 14. g4 Rac8 15.
g5 Nfd7 16. Be2 Nc4 17. Nd1 Nxe3 18. Qxe3 d5 19. b4 dxe4 20. fxe4 Qe5 21. Nf3
Qxe4 22. Bd3 Qg4+ 23. Kf2 Qxf3+ 24. Qxf3 Bxf3 25. Kxf3 Ne5+ 26. Ke4 Nxd3 27.
Kxd3 Rfd8+ 28. Ke4 Bxg5 29. Ne3 f5+ 30. Kf3 Rc3 31. Rce1 Rxa3 32. Rg1 Rxe3+ 33.
Rxe3 Bxe3 34. Kxe3 Kf7 35. h4 Rc8 36. Kd3 Rc4 37. c3 e5 38. Rf1 e4+ 39. Kd2 Ke6
40. Ra1 Rc6 41. h5 Ke5 42. Rg1 g6 43. hxg6 hxg6 44. Rf1 f4 45. Rc1 e3+ 46. Ke2
Ke4 47. Rg1 f3+ 48. Kf1 Rxc3 49. Rg4+ Kf5 50. Kg1 Kxg4 51. Kh2 Rc2+ 52. Kh1 Kg3
53. Kg1 Rc1# 0-1

[Event "LEM Nachwuchs M-V u16 08.-12.02.2020"]
[Site "Atrium Fleesenseeschule Malch"]
[Date "2020.02.08"]
[Round "1.6"]
[White "Wucherer, Sophie"]
[Black "Focke, Yannick"]
[Result "1-0"]
[WhiteElo "1602"]
[BlackElo "1508"]
[PlyCount "99"]
[EventDate "2020.??.??"]
[WhiteTeam "Greifswalder SV"]
[BlackTeam "SF Schwerin"]

1. d4 d5 2. c4 e6 3. Nc3 Nf6 4. Bg5 Nbd7 5. e3 Be7 6. Nf3 c5 7. Be2 O-O 8. O-O
b6 9. Rc1 Bb7 10. a3 a6 11. Na4 Rc8 12. dxc5 bxc5 13. cxd5 Nxd5 14. Bxe7 Qxe7
15. Nd2 N5b6 16. Nxb6 Nxb6 17. Bf3 Rfd8 18. Bxb7 Qxb7 19. Qe2 Nd7 20. Nc4 Qb5
21. Rc2 Nb6 22. Rfc1 Nxc4 23. Rxc4 Rd5 24. Qc2 Rcd8 25. h3 Rd2 26. Qa4 Rxb2 27.
Qxb5 Rxb5 28. Rxc5 Rxc5 29. Rxc5 g6 30. Rc6 Ra8 31. a4 a5 32. Kf1 Kf8 33. Ke2
Ke8 34. Rc5 Ra7 35. Kd3 Kd7 36. Kc4 h6 37. e4 f6 38. f4 Rc7 39. Rxc7+ Kxc7 40.
Kb5 Kd6 41. e5+ fxe5 42. Kxa5 e4 43. Kb4 e3 44. Kc3 Kc5 45. Kd3 Kb4 46. Kxe3
Kxa4 47. Ke4 Kb4 48. Ke5 Kc4 49. Kxe6 Kd4 50. Kf6 1-0

[Event "LEM Nachwuchs M-V u16 08.-12.02.2020"]
[Site "Atrium Fleesenseeschule Malch"]
[Date "2020.02.08"]
[Round "1.7"]
[White "Kruse, Johannes"]
[Black "Johlke, Lorenz"]
[Result "1-0"]
[WhiteElo "1454"]
[BlackElo "1675"]
[PlyCount "63"]
[EventDate "2020.??.??"]
[WhiteTeam "ESV Waren"]
[BlackTeam "SG Jasmund"]

1. e4 e6 2. d4 d5 3. Nc3 dxe4 4. Nxe4 Nd7 5. Nf3 Ngf6 6. Bd3 b6 7. O-O Bb7 8.
Re1 Be7 9. c3 O-O 10. Bg5 Nxe4 11. Bxe7 Nxc3 12. Bxd8 Nxd1 13. Be7 Rfe8 14. Ba3
Bxf3 15. gxf3 Nxb2 16. Bxb2 Red8 17. Rac1 c5 18. Bb5 cxd4 19. Bxd4 Nf8 20. Be3
Ng6 21. Red1 Nh4 22. f4 Nf5 23. Kf1 h6 24. Ke2 Nd6 25. Bc6 Rac8 26. Bf3 Nb5 27.
Rxd8+ Rxd8 28. Rc4 f5 29. a4 Nd6 30. Rc7 Nc8 31. Bc6 Kf8 32. Bd7 1-0

[Event "LEM Nachwuchs M-V u16 08.-12.02.2020"]
[Site "Atrium Fleesenseeschule Malch"]
[Date "2020.02.08"]
[Round "1.8"]
[White "Röste, Hugo"]
[Black "Avetyan, Manan"]
[Result "1-0"]
[WhiteElo "1573"]
[BlackElo "1356"]
[PlyCount "93"]
[EventDate "2020.??.??"]
[WhiteTeam "TuS Makkabi Rostock"]
[BlackTeam "ASV Wismar"]

1. d4 f5 2. c4 Nf6 3. Nc3 e6 4. Nf3 d5 5. c5 c6 6. Bf4 Be7 7. e3 O-O 8. Bd3 Bd7
9. O-O h6 10. h3 Be8 11. Ne5 Nbd7 12. b4 Nxe5 13. Bxe5 b6 14. Rb1 Kh8 15. Qc2
Qd7 16. Rb2 Bg6 17. Rc1 Rfc8 18. Ne2 Bd8 19. Ba6 Bc7 20. Bxc8 Rxc8 21. Bxc7
Qxc7 22. cxb6 axb6 23. Nf4 Bh5 24. Nxe6 Qf7 25. Nf4 b5 26. Qxf5 Rc7 27. Nxh5
Qxh5 28. Qxh5 Nxh5 29. Rbc2 Ra7 30. Ra1 Ra6 31. Rac1 Nf6 32. Rxc6 Rxa2 33. Kf1
Rb2 34. Rxf6 gxf6 35. Rc5 Rxb4 36. Rxd5 Rb1+ 37. Ke2 b4 38. Rb5 b3 39. d5 Kg8
40. Kf3 Kf7 41. Kf4 b2 42. Kf5 Rg1 43. Rb7+ Ke8 44. Rxb2 Rxg2 45. Ke6 Kf8 46.
d6 Rg6 47. Rb8+ 1-0

[Event "LEM Nachwuchs M-V u16 08.-12.02.2020"]
[Site "Atrium Fleesenseeschule Malch"]
[Date "2020.02.08"]
[Round "1.9"]
[White "Engel, Benedikt"]
[Black "Johlke, Lukas"]
[Result "0-1"]
[WhiteElo "1194"]
[BlackElo "1608"]
[PlyCount "90"]
[EventDate "2020.??.??"]
[WhiteTeam "SC Mecklenburger Springer"]
[BlackTeam "SG Jasmund"]

1. d4 d5 2. Bf4 Nf6 3. Nf3 Bg4 4. Nbd2 e6 5. e3 c5 6. c3 Nc6 7. Be2 Be7 8. Ne5
Bxe2 9. Qxe2 Nxe5 10. dxe5 Nd7 11. Qg4 Rg8 12. h4 Qc7 13. Qg3 O-O-O 14. Rd1 h6
15. e4 g5 16. hxg5 hxg5 17. Be3 Qxe5 18. Qxe5 Nxe5 19. Ke2 d4 20. cxd4 cxd4 21.
Rc1+ Kb8 22. f4 dxe3 23. fxe5 Rxd2+ 24. Kxe3 Rxb2 25. g4 Rxa2 26. Rh7 Rf8 27.
Rf1 Ra3+ 28. Ke2 Bc5 29. Rhxf7 Rxf7 30. Rxf7 Re3+ 31. Kd2 Rxe4 32. Rg7 Rxe5 33.
Kc3 b5 34. Kb3 a5 35. Kc3 a4 36. Kb2 a3+ 37. Ka2 Re2+ 38. Kb3 Rb2+ 39. Kc3 b4+
40. Kc4 Bd6 41. Rxg5 a2 42. Ra5 b3 43. Rb5+ Kc7 44. Rxb3 Rxb3 45. Kxb3 a1=Q 0-1

[Event "LEM Nachwuchs M-V u16 08.-12.02.2020"]
[Site "Atrium Fleesenseeschule Malch"]
[Date "2020.02.08"]
[Round "1.10"]
[White "Marzisch, Darius"]
[Black "Ahmed Ibrahim, Labed"]
[Result "1-0"]
[WhiteElo "1494"]
[BlackElo "1045"]
[PlyCount "73"]
[EventDate "2020.??.??"]
[WhiteTeam "SG Neubrandenburg"]
[BlackTeam "SV Motor Wolgast"]

1. e4 c5 2. Nf3 Nc6 3. d4 cxd4 4. Nxd4 e6 5. c4 Nf6 6. Nc3 Bb4 7. f3 O-O 8. a3
Bxc3+ 9. bxc3 b6 10. a4 Bb7 11. Ba3 Re8 12. Nb5 d5 13. Nd6 Re7 14. Nxb7 Rxb7
15. cxd5 exd5 16. Bb5 Rc7 17. exd5 Nxd5 18. c4 Qe8+ 19. Qe2 Qxe2+ 20. Kxe2 Nc3+
21. Kf2 Nxb5 22. cxb5 Na5 23. Rac1 Rxc1 24. Rxc1 h6 25. Rc7 a6 26. Bb4 axb5 27.
axb5 Rb8 28. Ra7 Rb7 29. Rxb7 Nxb7 30. Ke3 f6 31. Kd4 Kf7 32. Kd5 Na5 33. Bxa5
bxa5 34. b6 a4 35. Kc4 a3 36. Kb3 Ke6 37. b7 1-0

[Event "LEM Nachwuchs M-V u16 08.-12.02.2020"]
[Site "Atrium Fleesenseeschule Malch"]
[Date "2020.02.09"]
[Round "2.1"]
[White "Fromm, Marius"]
[Black "Wucherer, Sophie"]
[Result "1/2-1/2"]
[WhiteElo "2196"]
[BlackElo "1602"]
[PlyCount "97"]
[EventDate "2020.??.??"]
[WhiteTeam "Greifswalder SV"]
[BlackTeam "Greifswalder SV"]

1. Nf3 Nf6 2. c4 c5 3. Nc3 e6 4. g3 Nc6 5. Bg2 Be7 6. O-O d5 7. cxd5 exd5 8. d4
O-O 9. dxc5 d4 10. Na4 Ne4 11. a3 Nxc5 12. Nxc5 Bxc5 13. b4 Bb6 14. Bb2 a6 15.
Qd2 Qd6 16. Rfd1 Rd8 17. e3 Bg4 18. exd4 Bxf3 19. Bxf3 Nxd4 20. Bxb7 Nf3+ 21.
Bxf3 Qxd2 22. Rxd2 Rxd2 23. Bxa8 Bxf2+ 24. Kh1 Rxb2 25. Rc1 Kf8 26. Rc7 Bd4 27.
Rd7 Rb1+ 28. Kg2 Bb2 29. Bd5 Ra1 30. Rxf7+ Ke8 31. Ra7 Rxa3 32. Kh3 h6 33. Kg4
Rd3 34. Bc6+ Kd8 35. Kf5 Rb3 36. Rb7 Bc3 37. Rd7+ Kc8 38. Rd3 Ra3 39. Bd7+ Kc7
40. Be6 Kb6 41. Rd7 Ra1 42. Bd5 Kb5 43. Rb7+ Ka4 44. Bc6+ Ka3 45. b5 axb5 46.
Bxb5 Rh1 47. h4 Re1 48. Bc4 Ka4 49. Bb3+ 1/2-1/2